Countries by Longest Metro System - Statistics

General Stats
  • This quiz has been taken 73 times
  • The average score is 9 of 10
Answer Stats
City Length (miles) Country % Correct
London 251.8 United Kingdom
97%
Shanghai 499 China
96%
New York 248 United States
96%
Paris 139.9 France
93%
Moscow 270.7 Russia
91%
Mexico City 124.8 Mexico
88%
Delhi 216.31 India
87%
Madrid 179.3 Spain
82%
Seoul 235.6 South Korea
79%
Singapore 134 Singapore
43%
No matching quizzes found
Score Distribution
Percent of People with Each Score
Percentile by Number Answered
Your Score History
You have not taken this quiz